Teoría y problemas de programación BASIC: incluye BASIC para microcomputador
Salvato in:
| Autore principale: | |
|---|---|
| Natura: | Libro |
| Lingua: | spagnolo |
| Pubblicazione: |
Bogotá
McGraw-Hill
1987
|
| Edizione: | 3a. ed |
| Serie: | Serie de Compendios Schaum
|
| Soggetti: | |
| Tags: |
Aggiungi Tag
Nessun Tag, puoi essere il primo ad aggiungerne!!
|
MARC
| LEADER | 00000nam a2200000 a 4500 | ||
|---|---|---|---|
| 001 | UCV4052 | ||
| 003 | CL-VaPUC | ||
| 008 | 890613e19870000CK |||||||||||||||||spa|d | ||
| 082 | 0 | 4 | |a 005.133 |b GOT |2 21 |
| 100 | |a Gottfried, Byron S |e author |9 425147 | ||
| 245 | 1 | 0 | |a Teoría y problemas de programación BASIC: incluye BASIC para microcomputador |
| 250 | |a 3a. ed | ||
| 300 | |a 398 p | ||
| 942 | |c BK | ||
| 945 | |d 19890613 00:00:00 | ||
| 260 | |a Bogotá |b McGraw-Hill |c 1987 | ||
| 650 | 7 | |a BASIC |2 CL-VaPUC |9 259771 | |
| 650 | 0 | |a Lenguajes de programación |9 259458 | |
| 650 | 0 | |a Computadores |9 258188 | |
| 650 | 0 | |a Programación |9 259316 | |
| 583 | |a last modification |c 20130913 13:21:29 |k Rodrigo Vera | ||
| 490 | 0 | |a Serie de Compendios Schaum | |
| 999 | |c 211079 |d 211077 | ||
| 952 | |0 0 |1 0 |4 0 |6 005_133000000000000_GOT_1987 |7 0 |8 A |9 188825 |a BIBGIM |b BIBGIM |d 2019-11-14 |i 2564076 |o 005.133 GOT 1987 |p 2564076 |r 2025-01-15 |w 2019-11-14 |y BK |k COM | ||